LEADER 01020cam0-2200325---450- 001 990009800730403321 005 20140123092618.0 010 $a978-88-498-3836-7 035 $a000980073 035 $aFED01000980073 035 $a(Aleph)000980073FED01 035 $a000980073 100 $a20131210d2013----km-y0itay50------ba 101 0 $aita 102 $aIT 105 $ay-------001yy 200 1 $aInternazionalismo difficile$ela diplomazia del PCI e il Medio Oriente dalla crisi petrolifera alla caduta del muro di Berlino (1973-1989)$fLuca Riccardi 210 $aSoveria Mannelli$cRubbettino$d2013 215 $a756 p.$d23 cm 225 1 $aSaggi$iStudi internazionali$v315 610 0 $aInternazionalismo$a1973-1989 676 $a327.17$v22$zita 700 1$aRiccardi,$bLuca$0329242 801 0$aIT$bUNINA$gREICAT$2UNIMARC 901 $aBK 912 $a990009800730403321 952 $aCollez. 2075(315)$b51113$fFSPBC 959 $aFSPBC 996 $aInternazionalismo difficile$9837097 997 $aUNINA LEADER 01343nam--2200409---450- 001 990001021050203316 005 20050714145134.0 010 $a0-85345-989-4 035 $a0102105 035 $aUSA010102105 035 $a(ALEPH)000102105USA01 035 $a0102105 100 $a20020307d1998----km-y0itay0103----ba 101 $aeng 102 $aUS 105 $a||||||||001yy 200 1 $aCapitalism and the information age$ethe political economy of the global communication revolution$fedited by Robert W. McChsney, Ellen Meiksins Wood, and John Bellamy Foster 210 $aNew York$cMonthly Review Press$dcopyr.1998 215 $a254 p.$d24 cm 606 0 $aEconomia mondiale 606 0 $aSocietà e sviluppo economico 606 0 $aCapitalismo 676 $a330.9049 702 1$aMcCHESNEY,$bRobert 702 1$aMEIKSINS WOOD,$bEllen 702 1$aFOSTER,$bJohn Bellamy 912 $a990001021050203316 951 $aII.5. 3756(XV B 979)$b161435 L.M.$cXV B$d00080032 951 $aII.5. 3756a(XV B 979 bis)$b162997 L.M.$cXV B 959 $aBK 969 $aUMA 979 $aPAOLA$b90$c20020307$lUSA01$h1406 979 $c20020403$lUSA01$h1743 979 $aPATRY$b90$c20040406$lUSA01$h1710 979 $aCOPAT6$b90$c20050714$lUSA01$h1451 996 $aCapitalism and the information age$9974327 997 $aUNISA